000 00781nam a2200229 a 4500
001 57491
003 BD-RjUL
005 20211209080523.0
008 161210s1962 nyu | 000 0 eng
035 _a(BD-RjUL)57615
040 _aDLC
_cODaWU
_dOCoLC
_dUk
_dIRoRVC
_dBD-RjUL
_beng
041 _aeng
082 _a301
_223
_bCOM 1962
110 2 _aColumbia College (Columbia University)
_9170720
245 1 0 _aMan in contemporary society /
_ca source book prepared under the direction of the Contemporary civilization staff of Columbia College, Columbia University.
250 _aNew student ed.
260 _aNew York :
_bColumbia University Press,
_cc1962.
300 _a1226 p.
_c24 cm.
650 0 _aHuman beings.
_9170721
650 0 _aCivilization.
_9170722
942 _2ddc
_cBK
999 _c57491
_d57491